000 00460cas a2200157I 4500
022 _a0035-2950
040 _cMUL
082 _a361 PRE 2004 A011 Or.
245 0 0 _aRevue fran©ʹaise de science politique
260 _a[Paris]
_bPresses Universitaires de France
300 _av.
_bill.
_c24 cm
650 0 _aPolitical science
710 2 _aAssociation fran©ʹaise de science politique
710 2 _aFondation nationale des sciences politiques
942 _cEK
999 _c13380
_d13380